00773nam a22002537a 450000500170000001000390001702000270005602000240008303500130010703500170012003500130013703700300015003700130018008200120019310000170020524500520022225000110027426000350028527000430032030000360036350000500039965000330044965000370048220180224155621.0 a1516EN07 ENG-114554 B-663996 a9788131527269c1295.00 a8131527263c1295.00 aEN-98086 aB-605097-107 aB-663996 bRajasthani Granthgaradpl bDBAD/PUB a301.072 aBabbie, Earl00aThe basics of social research /cby Earl Babbie a6th ed aDelhibCengage Learninigc2015 a418, F.I.E, Patparganj,bDelhie110092 axxvii, 542p. :c26cm(pbk)bill. aIncludes bibliographical references and index a Social sciences xResearch. a Social sciences xMethodology.